Public finance in China : (Record no. 14621)

000 -LEADER
fixed length control field 00627cam a2200205 a 4500
020 ## - INTERNATIONAL STANDARD BOOK NUMBER
ISBN 9780821369272
020 ## - INTERNATIONAL STANDARD BOOK NUMBER
ISBN 082136927X
020 ## - INTERNATIONAL STANDARD BOOK NUMBER
ISBN 9780821369289 (electronic)
020 ## - INTERNATIONAL STANDARD BOOK NUMBER
ISBN 0821369288 (electronic)
040 ## - CATALOGING SOURCE
Transcribing agency DLC
082 00 - DEWEY DECIMAL CLASSIFICATION NUMBER
Classification number 336 WOR 2008 A069 Or.
245 00 - TITLE STATEMENT
Title Public finance in China :
Remainder of title reform and growth for a harmonious society /
260 ## - PUBLICATION, DISTRIBUTION, ETC. (IMPRINT)
Place of publication Washington, D.C. :
Name of publisher World Bank,
Year of publication c2008.
300 ## - PHYSICAL DESCRIPTION
Number of Pages xxviii, 369 p. :
Other physical details ill. ;
Dimensions 23 cm.
650 #0 - SUBJECT ADDED ENTRY--TOPICAL TERM
Topical Term Finance, Public
700 1# - ADDED ENTRY--PERSONAL NAME
Personal name Lou, Jiwei,
700 1# - ADDED ENTRY--PERSONAL NAME
Personal name Wang, Shuilin.
856 41 - ELECTRONIC LOCATION AND ACCESS
Uniform Resource Identifier http://www.loc.gov/catdir/toc/ecip0717/2007019064.html
942 ## - ADDED ENTRY ELEMENTS (KOHA)
Koha item type សៀវភៅភាសាអង់គ្លេស
952 ## - LOCATION AND ITEM INFORMATION (KOHA)
Withdrawn status [LOCAL, KOHA] 0
Holdings
Permanent Location Date acquired Koha item type Lost status Shelving location Barcode Current Location Full call number
Library Block A2017-10-20សៀវភៅភាសាអង់គ្លេស A069A06800Library Block A336 WOR 2008 A069 Or.
មជ្ឈមណ្ឌលឯការនៃសាកលវិទ្យាល័យភូមិន្ទកសិកម្មចំការដូង

Powered by Koha